Statistics for Antarctica True Or False

Click here to take the quiz!

General Stats

  • This quiz has been taken 76 times
  • The average score is 11 of 15

Answer Stats

QuestionAnswer% Correct
Antarctica is the least populous continent in the worldTrue
98%
Penguins live on AntarcticaTrue
93%
Antarctica is a desertTrue
90%
Roald Amundsen was the first person to reach the South PoleTrue
89%
There is a lake in Antarctica that can stay liquid -4 degrees fahrenheitTrue
85%
Antarctica holds the record for coldest temperature recorded on EarthTrue
82%
The population of Antarctica is bigger than the population of NauruFalse
79%
There are no active volcanoes in AntarcticaFalse
75%
The US is larger than Antarctica in areaFalse
70%
Antarctica is entirely in the Antarctic CircleFalse
70%
There are sand dunes 500 feet highFalse
64%
Someone skied across AntarcticaTrue
64%
The average thickness of Antarctic ice is about 1 mileTrue
62%
It's colder in the summer than the winter in AntarcticaFalse
52%
Penguins are considered residents of AntarcticaFalse
43%

Score Distribution

Percentile by Number Answered

Percent of People with Each Score

Your Score History

You have not taken this quiz